000 00953nam a2200253 a 4500
001 BRCA_1345
005 20190320203403.0
008 920731s1990 mx-a---##b---#000-0#spa-#
020 _a9686292040
040 _aDLC
_cDLC
_dDLC
050 4 _aLE7
_b.E94 1990
100 1 _aEveraert Dubernard, Luis
_9929
245 1 0 _aTres grandes colegios de la Nueva España
_c[textos Luis Everaert Dubernad ; fotografía Bob Schalkwijk ; editor Mario de la Torre].
260 _aMexico
_bGrupo Aluminio
_c1990
300 _a156 p.
_bil. (algunas a color)
_c30 cm.
504 _aBibliografía: p. 154-155
610 2 4 _aColegio de San Ildefonso (Ciudad de México)
_xHistoria
_94400
610 2 4 _aColegio de las Vizcaínas (Ciudad de México)
_xHistoria
_94401
610 2 4 _aPalacio de Minería (Ciudad de México)
_xHistoria
_94402
650 1 4 _aColegios novohispanos
_94403
700 1 _aSchalkwijk, Bob
_94404
700 1 _aTorre, Mario de la
_94405
942 _2lcc
_cB
999 _c1208
_d1208